<?xml version="1.0" encoding="UTF-8"?>
<record
    xmlns:xsi="http://www.w3.org/2001/XMLSchema-instance"
    xsi:schemaLocation="http://www.loc.gov/MARC21/slim http://www.loc.gov/standards/marcxml/schema/MARC21slim.xsd"
    xmlns="http://www.loc.gov/MARC21/slim">

  <leader>01252nam a22002297a 4500</leader>
  <controlfield tag="005">20231102151502.0</controlfield>
  <controlfield tag="008">121101t2000    mx     f      000 0 spa d</controlfield>
  <datafield tag="020" ind1=" " ind2=" ">
    <subfield code="a">9681857887</subfield>
  </datafield>
  <datafield tag="050" ind1="0" ind2="4">
    <subfield code="a">HD31</subfield>
    <subfield code="b">R66 1999</subfield>
  </datafield>
  <datafield tag="100" ind1="1" ind2="0">
    <subfield code="a">RODAS Carpizo, Alejandro R.</subfield>
    <subfield code="e">autor</subfield>
  </datafield>
  <datafield tag="245" ind1="1" ind2="0">
    <subfield code="a">Administraci&#xF3;n b&#xE1;sica </subfield>
    <subfield code="c">/ Alejandro R. Rodas Carpizo</subfield>
  </datafield>
  <datafield tag="250" ind1=" " ind2=" ">
    <subfield code="a">3a edici&#xF3;n</subfield>
  </datafield>
  <datafield tag="260" ind1=" " ind2=" ">
    <subfield code="a">M&#xE9;xico : </subfield>
    <subfield code="b">Limusa,</subfield>
    <subfield code="c">2000</subfield>
  </datafield>
  <datafield tag="300" ind1=" " ind2=" ">
    <subfield code="a">329 p&#xE1;ginas</subfield>
  </datafield>
  <datafield tag="505" ind1=" " ind2=" ">
    <subfield code="a">Contenido

- Definici&#xF3;n de la administraci&#xF3;n 
- Principales conceptos relacionados con la materia.
- Or&#xED;genes del fen&#xF3;meno administrativo.
- La administraci&#xF3;n como ciencia.
- Diversas escuelas administrativas.
- Proceso administrativo.
- Estructuras de las organizaciones.
- Finanzas.
- Administraci&#xF3;n de recursos humanos.
- Producci&#xF3;n.- Mercadotecnia.
- Administraci&#xF3;n por objetivos.
- Desarrollo organizacional.
- Respuesta de los ejercicios.
- Casos pr&#xE1;cticos.</subfield>
  </datafield>
  <datafield tag="519" ind1=" " ind2=" ">
    <subfield code="a">Flex / Aministraci&#xF3;n / FUNDAMENTOS DE ADMINISTRACI&#xD3;N         B01-3</subfield>
    <subfield code="d">(12 000750, 12 000751, 12 000753)
</subfield>
  </datafield>
  <datafield tag="519" ind1=" " ind2=" ">
    <subfield code="a">Material Complementario / </subfield>
    <subfield code="d">(04 002170) </subfield>
  </datafield>
  <datafield tag="650" ind1="1" ind2="0">
    <subfield code="a">ADMINISTRACI&#xD3;N</subfield>
  </datafield>
  <datafield tag="100" ind1="1" ind2=" ">
    <subfield code="a">Rodas Carpizoo, Alejandro R. </subfield>
    <subfield code="e"> , autor</subfield>
  </datafield>
  <datafield tag="700" ind1=" " ind2=" ">
    <subfield code="a">Mar&#xED;a Fel&#xED;citas Arroyo de Rodas</subfield>
    <subfield code="e">autor</subfield>
  </datafield>
  <datafield tag="942" ind1=" " ind2=" ">
    <subfield code="2">lcc</subfield>
    <subfield code="c">LB</subfield>
  </datafield>
  <datafield tag="952" ind1=" " ind2=" ">
    <subfield code="0">0</subfield>
    <subfield code="1">0</subfield>
    <subfield code="4">0</subfield>
    <subfield code="7">0</subfield>
    <subfield code="a">04</subfield>
    <subfield code="b">04</subfield>
    <subfield code="d">2008-09-29</subfield>
    <subfield code="l">3</subfield>
    <subfield code="o">HD31 R63 2006</subfield>
    <subfield code="p">04 002170</subfield>
    <subfield code="r">2017-10-17</subfield>
    <subfield code="s">2017-10-17</subfield>
    <subfield code="t">1</subfield>
    <subfield code="w">2012-06-24</subfield>
    <subfield code="y">LB</subfield>
  </datafield>
  <datafield tag="952" ind1=" " ind2=" ">
    <subfield code="0">0</subfield>
    <subfield code="1">0</subfield>
    <subfield code="2">lcc</subfield>
    <subfield code="4">0</subfield>
    <subfield code="7">0</subfield>
    <subfield code="a">12</subfield>
    <subfield code="b">12</subfield>
    <subfield code="d">2015-07-24</subfield>
    <subfield code="l">1</subfield>
    <subfield code="o">HD31 R66 1999</subfield>
    <subfield code="p">12 000750</subfield>
    <subfield code="r">2016-06-22</subfield>
    <subfield code="s">2016-06-21</subfield>
    <subfield code="t">1</subfield>
    <subfield code="w">2012-11-01</subfield>
    <subfield code="y">LB</subfield>
  </datafield>
  <datafield tag="952" ind1=" " ind2=" ">
    <subfield code="0">0</subfield>
    <subfield code="1">0</subfield>
    <subfield code="2">lcc</subfield>
    <subfield code="4">0</subfield>
    <subfield code="7">0</subfield>
    <subfield code="a">12</subfield>
    <subfield code="b">12</subfield>
    <subfield code="d">2015-07-24</subfield>
    <subfield code="l">2</subfield>
    <subfield code="o">HD31 R66 1999</subfield>
    <subfield code="p">12 000751</subfield>
    <subfield code="r">2017-05-26</subfield>
    <subfield code="s">2017-05-26</subfield>
    <subfield code="t">2</subfield>
    <subfield code="w">2015-07-24</subfield>
    <subfield code="y">LB</subfield>
  </datafield>
  <datafield tag="952" ind1=" " ind2=" ">
    <subfield code="0">0</subfield>
    <subfield code="1">0</subfield>
    <subfield code="2">lcc</subfield>
    <subfield code="4">0</subfield>
    <subfield code="7">0</subfield>
    <subfield code="a">12</subfield>
    <subfield code="b">12</subfield>
    <subfield code="d">2015-07-24</subfield>
    <subfield code="l">3</subfield>
    <subfield code="o">HD31 R66 1999</subfield>
    <subfield code="p">12 000753</subfield>
    <subfield code="r">2017-05-26</subfield>
    <subfield code="s">2017-05-26</subfield>
    <subfield code="t">3</subfield>
    <subfield code="w">2015-07-24</subfield>
    <subfield code="y">LB</subfield>
  </datafield>
  <datafield tag="999" ind1=" " ind2=" ">
    <subfield code="c">86899</subfield>
    <subfield code="d">86899</subfield>
  </datafield>
</record>
